01133nam a2200241Ia 4500003000900000008004100009020001800050040001600068080002300084111011100107245025700218260003700475300001500512490005100527650004100578650001600619650002300635700002700658710005100685942000700736999001700743952013100760IN-BaIIA211028s9999 xx 000 0 eng d a0-7923-2521-4 cIIA Library a52(082.1)bASS-186 aInternational Workshop of the Astronomical Observatory of Capodimonten6thcItalyd1991 Sept. 18-21918759 0aStellar jets and bipolar outflowsbproceedings of the sixth International workshop of the Astronomical Observatory of Capodimonte (OAC 6) held in Capri, Italy, September 18-21,1991cedited by L. Errico  aDordrechtbKluwer Academicc1993 axix, 426p. aAstrophysics and Space Science Library; v. 186 aAstronomy and Astrophysics Thesaurus aJets911565 aPlasma jets917342 aErrico, L., ed.918760 aAstronomical Observatory of Capodimonte918761 cBK c10982d10982 00104070aBANbBANcGENd1994-03-21g5046.00l0o52(082.1)/ ASS-186p11895r2021-11-05v5046.00w1994-03-21yBKGRs. 5046.00